Principles of geographical information systems / (Record no. 541481)
[ view plain ]
| 000 -LEADER | |
|---|---|
| fixed length control field | 00916cam a2200229Ia 4500 |
| 082 04 - DEWEY DECIMAL CLASSIFICATION NUMBER | |
| Classification number | 910.285 |
| Author Mark | BUR |
| -- | N-02 ; P-45 |
| 100 1# - MAIN ENTRY--PERSONAL NAME | |
| Personal name | Burrough, P. A. |
| 9 (RLIN) | 6623 |
| 245 10 - TITLE STATEMENT | |
| Title | Principles of geographical information systems / |
| Statement of responsibility, etc. | Peter A. Burrough and Rachael A. McDonnell. |
| 250 ## - EDITION STATEMENT | |
| Edition statement | Repr. with corrections, 2000. |
| 260 ## - PUBLICATION, DISTRIBUTION, ETC. | |
| Place of publication, distribution, etc. | Oxford ; |
| -- | New York : |
| Name of publisher, distributor, etc. | Oxford University Press, |
| Date of publication, distribution, etc. | [2000] |
| 300 ## - PHYSICAL DESCRIPTION | |
| Extent | xiii, 333 p. : |
| Other physical details | ill. ; |
| Dimensions | 25 cm. |
| 490 1# - SERIES STATEMENT | |
| Series statement | Spatial information systems and geostatics series |
| 500 ## - GENERAL NOTE | |
| General note | Rev. ed. of: Principles of geographical information systems for land resources assessment. |
| 526 ## - STUDY PROGRAM INFORMATION NOTE | |
| Program name | 0 |
| Interest level | 0 |
| Reading level | 0 |
| Title point value | 910_285000000000000_BUR |
| 526 ## - STUDY PROGRAM INFORMATION NOTE | |
| Program name | 0 |
| Interest level | 0 |
| Reading level | 0 |
| Title point value | 910_285000000000000_BUR |
| 526 ## - STUDY PROGRAM INFORMATION NOTE | |
| Program name | 0 |
| Interest level | 0 |
| Reading level | 0 |
| Title point value | 910_285000000000000_BUR |
| 650 #0 - SUBJECT ADDED ENTRY--TOPICAL TERM | |
| Topical term or geographic name entry element | Geographic information systems. |
| 9 (RLIN) | 6117 |
| 650 #0 - SUBJECT ADDED ENTRY--TOPICAL TERM | |
| Topical term or geographic name entry element | NUST |
| 9 (RLIN) | 6342 |
| 700 1# - ADDED ENTRY--PERSONAL NAME | |
| Personal name | Burrough, P. A. |
| 9 (RLIN) | 6623 |
| 700 1# - ADDED ENTRY--PERSONAL NAME | |
| Personal name | McDonnell, Rachael. |
| 9 (RLIN) | 6625 |
| 942 ## - ADDED ENTRY ELEMENTS (KOHA) | |
| Source of classification or shelving scheme | |
| Koha item type | Book |
| Withdrawn status | Lost status | Source of classification or shelving scheme | Damaged status | Not for loan | Permanent Location | Current Location | Date acquired | Total Checkouts | Full call number | Barcode | Date last seen | Copy number | Price effective from | Koha item type |
|---|---|---|---|---|---|---|---|---|---|---|---|---|---|---|
| Military College of Engineering (MCE) | Military College of Engineering (MCE) | 11/26/2014 | 910.285 BUR | MCE-47463 | 11/26/2014 | 3 | 11/26/2014 | Book | ||||||
| Military College of Engineering (MCE) | Military College of Engineering (MCE) | 07/31/2013 | 910.285 BUR | MCE-47464 | 07/31/2013 | 02 | 03/14/2021 | Book | ||||||
| Military College of Engineering (MCE) | Military College of Engineering (MCE) | 07/31/2013 | 910.285 BUR | MCE-47465 | 07/31/2013 | 01 | 07/31/2013 | Book |
